<?xml version="1.0" encoding="UTF-8"?>
<record
    xmlns:xsi="http://www.w3.org/2001/XMLSchema-instance"
    xsi:schemaLocation="http://www.loc.gov/MARC21/slim http://www.loc.gov/standards/marcxml/schema/MARC21slim.xsd"
    xmlns="http://www.loc.gov/MARC21/slim">

  <leader>00337nam a2200145Ia 4500</leader>
  <controlfield tag="008">191201s2011    xx            000 0 und d</controlfield>
  <datafield tag="082" ind1=" " ind2=" ">
    <subfield code="a">346.07</subfield>
    <subfield code="b">KAE</subfield>
  </datafield>
  <datafield tag="100" ind1=" " ind2=" ">
    <subfield code="a">KAPOOR, N.D.</subfield>
  </datafield>
  <datafield tag="245" ind1=" " ind2="0">
    <subfield code="a">Elements of Mercantile Law</subfield>
  </datafield>
  <datafield tag="250" ind1=" " ind2=" ">
    <subfield code="a">29th</subfield>
  </datafield>
  <datafield tag="260" ind1=" " ind2=" ">
    <subfield code="a">N.Delhi</subfield>
    <subfield code="b">Sultan Chand</subfield>
    <subfield code="c">2011</subfield>
  </datafield>
  <datafield tag="300" ind1=" " ind2=" ">
    <subfield code="a">Misc.</subfield>
  </datafield>
  <datafield tag="650" ind1=" " ind2=" ">
    <subfield code="a">MBA</subfield>
  </datafield>
  <datafield tag="942" ind1=" " ind2=" ">
    <subfield code="2">ddc</subfield>
    <subfield code="c">BK</subfield>
  </datafield>
  <datafield tag="999" ind1=" " ind2=" ">
    <subfield code="c">3516</subfield>
    <subfield code="d">3516</subfield>
  </datafield>
  <datafield tag="952" ind1=" " ind2=" ">
    <subfield code="0">0</subfield>
    <subfield code="1">0</subfield>
    <subfield code="2">ddc</subfield>
    <subfield code="4">0</subfield>
    <subfield code="7">0</subfield>
    <subfield code="8">MBA</subfield>
    <subfield code="a">PIET</subfield>
    <subfield code="b">PIET</subfield>
    <subfield code="d">2008-10-03</subfield>
    <subfield code="e">J B C, New Delhi</subfield>
    <subfield code="g">350.00</subfield>
    <subfield code="k">S1-2184</subfield>
    <subfield code="l">1</subfield>
    <subfield code="o">346.07 KAE</subfield>
    <subfield code="p">9337</subfield>
    <subfield code="r">2022-04-13 00:00:00</subfield>
    <subfield code="s">2022-04-06</subfield>
    <subfield code="w">2008-08-01</subfield>
    <subfield code="y">BK</subfield>
  </datafield>
  <datafield tag="952" ind1=" " ind2=" ">
    <subfield code="0">0</subfield>
    <subfield code="1">0</subfield>
    <subfield code="2">ddc</subfield>
    <subfield code="4">0</subfield>
    <subfield code="7">0</subfield>
    <subfield code="8">MBA</subfield>
    <subfield code="a">PIET</subfield>
    <subfield code="b">PIET</subfield>
    <subfield code="d">2008-10-03</subfield>
    <subfield code="e">J B C, New Delhi</subfield>
    <subfield code="g">350.00</subfield>
    <subfield code="k">S1-2184</subfield>
    <subfield code="l">0</subfield>
    <subfield code="o">346.07 KAE</subfield>
    <subfield code="p">9338</subfield>
    <subfield code="r">2019-12-04 00:00:00</subfield>
    <subfield code="w">2008-08-01</subfield>
    <subfield code="y">BK</subfield>
  </datafield>
  <datafield tag="952" ind1=" " ind2=" ">
    <subfield code="0">0</subfield>
    <subfield code="1">0</subfield>
    <subfield code="2">ddc</subfield>
    <subfield code="4">0</subfield>
    <subfield code="7">0</subfield>
    <subfield code="8">MBA</subfield>
    <subfield code="a">PIET</subfield>
    <subfield code="b">PIET</subfield>
    <subfield code="d">2008-10-03</subfield>
    <subfield code="e">J B C, New Delhi</subfield>
    <subfield code="g">350.00</subfield>
    <subfield code="k">S1-2184</subfield>
    <subfield code="l">2</subfield>
    <subfield code="o">346.07 KAE</subfield>
    <subfield code="p">9339</subfield>
    <subfield code="r">2024-05-06 00:00:00</subfield>
    <subfield code="s">2024-05-03</subfield>
    <subfield code="w">2008-08-01</subfield>
    <subfield code="y">BK</subfield>
  </datafield>
  <datafield tag="952" ind1=" " ind2=" ">
    <subfield code="0">0</subfield>
    <subfield code="1">0</subfield>
    <subfield code="2">ddc</subfield>
    <subfield code="4">0</subfield>
    <subfield code="7">0</subfield>
    <subfield code="8">MBA</subfield>
    <subfield code="a">PIET</subfield>
    <subfield code="b">PIET</subfield>
    <subfield code="d">2008-10-03</subfield>
    <subfield code="e">J B C, New Delhi</subfield>
    <subfield code="g">350.00</subfield>
    <subfield code="k">S1-2184</subfield>
    <subfield code="l">0</subfield>
    <subfield code="o">346.07 KAE</subfield>
    <subfield code="p">9340</subfield>
    <subfield code="r">2019-12-04 00:00:00</subfield>
    <subfield code="w">2008-08-01</subfield>
    <subfield code="y">BK</subfield>
  </datafield>
  <datafield tag="952" ind1=" " ind2=" ">
    <subfield code="0">0</subfield>
    <subfield code="1">0</subfield>
    <subfield code="2">ddc</subfield>
    <subfield code="4">0</subfield>
    <subfield code="7">0</subfield>
    <subfield code="8">MBA</subfield>
    <subfield code="a">PIET</subfield>
    <subfield code="b">PIET</subfield>
    <subfield code="d">2008-10-03</subfield>
    <subfield code="e">J B C, New Delhi</subfield>
    <subfield code="g">350.00</subfield>
    <subfield code="k">S1-2184</subfield>
    <subfield code="l">3</subfield>
    <subfield code="o">346.07 KAE</subfield>
    <subfield code="p">9341</subfield>
    <subfield code="r">2022-07-26 00:00:00</subfield>
    <subfield code="s">2022-07-05</subfield>
    <subfield code="w">2008-08-01</subfield>
    <subfield code="y">BK</subfield>
  </datafield>
  <datafield tag="952" ind1=" " ind2=" ">
    <subfield code="0">0</subfield>
    <subfield code="1">0</subfield>
    <subfield code="2">ddc</subfield>
    <subfield code="4">0</subfield>
    <subfield code="7">0</subfield>
    <subfield code="8">MBA</subfield>
    <subfield code="a">PIET</subfield>
    <subfield code="b">PIET</subfield>
    <subfield code="d">2008-10-03</subfield>
    <subfield code="e">J B C, New Delhi</subfield>
    <subfield code="g">350.00</subfield>
    <subfield code="k">S1-2184</subfield>
    <subfield code="l">0</subfield>
    <subfield code="o">346.07 KAE</subfield>
    <subfield code="p">9342</subfield>
    <subfield code="r">2019-12-04 00:00:00</subfield>
    <subfield code="w">2008-08-01</subfield>
    <subfield code="y">BK</subfield>
  </datafield>
</record>
